00763nam a2200193 4500001000700000003000900007005001700016007000300033008004100036080002100077100004200098245015300140246003500293260005800328300002200386852002200408999001900430952012000449117546ES-MaACL20230906190928.0t|070214s1933 es r ||||1| spa d a860(728.4)-7"19"1 aPeralta Lagos, José María.99038513aLa muerte de la tórtola o Malandanzas de un corresponsal : bnarración novelesca de costumbres salvadoreñas / cJosé María Peralta Lagos.3 aMalandanzas de un corresponsal aSan Salvador : b[s.n.], c1933 (fImp. Funes & Ungo) a235 p. ; c19 cm. aES-MaACLjB-12878 c117546d117546 00104070aATENEOMbATENEOMcSPBd2008-01-17eSCl0oB-12878p1122551r2023-02-23 00:00:00w2023-02-23yMONOGRAFIA